1275 1670 1301 1392 1943 1594 1138 1327 1079 1698 1644 1644 1299 1393 1198 1534 1271 1503 1074 1902 1227 1844 1243 1701 1176 1488 1940 1568 1287 1406 1369 1960 1142 1213 1359 1233 1611 1951 1246 1176 1049 1243 1796 1227 1774 1569 1572 1783 1993 1932 1112 1937 1242 1577 1539 1912 1417 1577 1967 1297 1436 1883 1394 1723 1663 1738 1820 1498 1562 1550 1829 1690 1617 1460 1069 1323 1622 1514 1872 1403 1891 1309 1816 1772 1883 1479 1784 1958 1434 1984 1174 1008 1513 1813 1759 1920 1357 1360 1036 BCNSPRNW ULIB Ver.6.0+V

เปลี่ยนเป็นภาษาไทย

Change to English
 แสดงรายละเอียดบรรณานุกรม
  กลับหน้าหลัก

Brief Record : Get Marc (ISO 2709) : E-mail record : QR code < ปิดหน้าต่าง
LEADER : 00000nam 2200000uu 4500
001    13399114433
003     ULIB
008    110627s||||||||th 000 0 tha d
020    9747319152
098    นว.^bม162ร
100 0  มนันยา
245 00 รู้ไว้ใช่ฆ่า/^cมนันยา
250    พิมพ์ครั้งที่ 3
260    กรุงเทพฯ :^bสามสี,^c2542
300    224 หน้า
710 1  สามสี
945    ^p95^l0^i031543
995    ทศพร
999 ^a ใช้งานได้ทุกระบบ
รายการนี้ยังไม่มีแท็ก
คุณยังไม่ได้ล็อกอิน คุณสามารถมีกิจกรรมร่วมกับเว็บไซต์ได้ แต่ต้องล็อกอินก่อน ::
  ล็อกอิน

รายการสื่อสารสนเทศ

ลำดับที่ ประเภท เลขเรียก/บาร์โค้ด สถานที่ สถานะ
1. นวนิยาย
นวนิยาย
 ฉ.1 
  Barcode: 031543
ห้องสมุดวิทยาเขตสวรรค์ประชารักษ์
►นวนิยาย
บนชั้น
  ขอยืม

รายการใกล้เคียง
    ผู้แต่ง [มนันยา]

BibComment


ยังไม่เคยถูกคอมเมนท์

คอมเมนท์ทรัพยากรรายการนี้
  คอมเมนท์: รู้ไว้ใช่ฆ่า มนันยา


 Copyright 2026. Bcnsprnw @Library